| 000 | 01076nam a2200313 i 4500 | ||
|---|---|---|---|
| 001 | 189261 | ||
| 003 | SpMaBN | ||
| 005 | 20240105152612.0 | ||
| 008 | 190503s2011 sp |||| | spa d | ||
| 020 | _a978-84-206-7431-5 | ||
| 080 | _a930.85 | ||
| 080 | _a316.423.2 | ||
| 100 | 1 |
_aHarris, Marvin. _961916 |
|
| 245 | 1 | 0 |
_aCaníbales y reyes _b: los orígenes de las culturas / _cMarvin Harris ; [traducción de Horacio González Trejo]. |
| 250 | _a3ª ed. | ||
| 260 |
_aMadrid : _bAlianza Editorial, _c2011. |
||
| 300 |
_a355 p. ; _c18 cm. |
||
| 490 | 1 |
_aEl libro de bolsillo. _aBiblioteca de autor |
|
| 490 | 1 |
_aHarris ; _v2 |
|
| 504 | _aBibliografía: p. 339-355. | ||
| 650 | 0 | 4 |
_aCivilización- _xHistoria _911082 |
| 650 | 7 |
_aEvolución social. _9150064 |
|
| 700 | 1 |
_aGonzález Trejo, Horacio. _958988 |
|
| 830 | 0 |
_aEl libro de bolsillo. _aBiblioteca de autor _9183741 |
|
| 830 | 0 |
_aHarris ; _v2 _9193280 |
|
| 852 |
_aES-MaACL _jA-14551 _9 196399 _bR-152110 _cDEPO1 _dOlim: N-7551 _hDonacion: Editorial |
||
| 942 | _2udc | ||
| 999 |
_c189261 _d189261 |
||